Nazis en el sur /
Kaydedildi:
| Yazar: | |
|---|---|
| Materyal Türü: | Elektronik Ekitap |
| Dil: | İspanyolca |
| Baskı/Yayın Bilgisi: |
Ciudad Autónoma de Buenos Aires, Argentina :
Ediciones B Argentina,
[2016]
|
| Konular: | |
| Online Erişim: | Digitalia Hispánica |
| Etiketler: |
Etiketle
Etiket eklenmemiş, İlk siz ekleyin!
|
MARC
| LEADER | 00000nam a2200000Ii 4500 | ||
|---|---|---|---|
| 001 | DIGEDICNSB0202 | ||
| 003 | NyNyDIG | ||
| 008 | 221020s2016 ag o 000 0 spa d | ||
| 006 | m o d | ||
| 007 | cr ||||||||||| | ||
| 035 | |a (OCoLC)1379468016 | ||
| 040 | |a DGITA |b eng |e rda |e pn |c DGITA | ||
| 043 | |a e-gx--- |a s------ |a t------ | ||
| 020 | |a 9789501561678 |q eBook | ||
| 020 | |z 9789501526400 | ||
| 050 | 1 | 4 | |a DD120.S63 ebook |
| 100 | 1 | |a Nápoli, Carlos de, |d 1950- |e author. | |
| 245 | 1 | 0 | |a Nazis en el sur / |c Carlos De Nápoli. |
| 264 | 1 | |a Ciudad Autónoma de Buenos Aires, Argentina : |b Ediciones B Argentina, |c [2016] | |
| 300 | |a 1 online resource. | ||
| 336 | |a text |b txt |2 rdacontent | ||
| 337 | |a computer |b c |2 rdamedia | ||
| 338 | |a online resource |b cr |2 rdacarrier | ||
| 347 | |a text file |2 rdaft | ||
| 347 | |b EPUB | ||
| 588 | 0 | |a Online resource; title from ePub title page (Digitalia, viewed October 20, 2022) | |
| 651 | 0 | |a Germany |x Foreign relations |z South America. | |
| 651 | 0 | |a South America |x Foreign relations |z Germany. | |
| 651 | 0 | |a Germany |x Foreign relations |y 1933-1945. | |
| 651 | 0 | |a Germany |x Territorial expansion |x History |y 20th century. | |
| 651 | 0 | |a Antarctica |x Discovery and exploration |x German. | |
| 791 | 2 | |a Digitalia (Firm), |e distributor. | |
| 793 | 0 | |g Digitalia eBook Collection: |a Ediciones B | |
| 776 | 0 | 8 | |i Print version: |a Nápoli, Carlos de, 1950- |t Nazis en el sur. |b 1a edición. |d Ciudad Autónoma de Buenos Aires, Argentina : Ediciones B Argentina, [2016] |z 9789501526400 |
| 856 | 4 | 0 | |3 Digitalia Hispánica |u https://digitalia.unach.elogim.com/a/54574/ |
| 910 | |a Premium collection: 2022 | ||